Spanish Conjugation - Dar - Estadísticas

Estadísticas generales
  • Esta prueba ha sido intentada 14 veces
  • La puntuación promedio es 31 de 45
Estadísticas de respuestas
Hint Respuesta % Correcto
el, ella, usted - present da
100%
tú - imperative da
100%
nosotros - present damos
100%
tú - present das
100%
yo - past di
100%
ellos, ellas, ustedes - past dieron
100%
nosotros - past dimos
100%
el, ella, usted - past dio
100%
tú - past diste
100%
ellos, ellas, ustedes - present dan
93%
el, ella, usted - future dará
93%
ellos, ellas, ustedes - future darán
93%
tú - future darás
93%
yo - future daré
93%
nosotros - future daremos
93%
ellos, ellas, ustedes - present subjunctive den
93%
ellos, ellas, ustedes - imperative den
93%
yo - present doy
93%
yo - present subjunctive
79%
el, ella, usted - present subjunctive
79%
el, ella, usted - imperative
79%
yo - conditional daría
71%
el, ella, usted - conditional daría
71%
nosotros - conditional daríamos
71%
tú - conditional darías
71%
ellos, ellas, ustedes - conditional darían
64%
nosotros - present subjunctive demos
64%
nosotros - imperative demos
64%
tú - present subjunctive des
57%
yo - imperfect daba
50%
el, ella, usted - imperfect daba
50%
nosotros - imperfect dábamos
43%
ellos, ellas, ustedes - imperfect daban
43%
tú - imperfect dabas
43%
past participle dado
43%
yo - imperfect subjunctive diera
43%
el, ella, usted - imperfect subjunctive diera
43%
nosotros - imperfect subjunctive diéramos
43%
ellos, ellas, ustedes - imperfect subjunctive dieran
43%
tú - imperfect subjunctive dieras
43%
present participle dando
36%
el, ella, usted - negative imperative no dé
21%
ellos, ellas, ustedes - negative imperative no den
21%
tú - negative imperative no des
21%
nosotros - negative imperative no demos
14%
No se encontraron pruebas coincidentes
Distribución de puntuación
Porcentaje de gente con cada puntuación
Porcentaje por número respondido
Historial de tus puntuaciones
No has intentado esta prueba.